000 00337 a2200169 4500
001 180684
020 _a85-262-1926-X
040 _cMagnum
100 _aSabino, Eliana
240 1 0 _aKim
_lpor
245 1 0 _aKim
300 _a128
362 0 _a1992
440 1 _aScipione
697 _aLITERATURA JUVENIL ESTRANGEIRA
942 _cBK
999 _c180684
_d180684